Umiestňovanie kapitálu do dlhodobého majetku bakalárska práca

Gespeichert in:
Bibliographische Detailangaben
1. Verfasser: Gajdošová, Terézia
Körperschaft: Fakulta podnikového manažmentu EU. Katedra podnikových financií
Weitere Verfasser: Adamík, Kamil
Format: Buch
Sprache:Slowakisch
Veröffentlicht: Bratislava 2014
Tags: Tag hinzufügen
Keine Tags, Fügen Sie das erste Tag hinzu!

MARC

LEADER 00000nbm a2200000 4500
001 0189618
005 20170201092342.8
041 0 |a slo 
044 |a SK 
245 1 0 |a Umiestňovanie kapitálu do dlhodobého majetku  |b bakalárska práca  |c Terézia Gajdošová ; školiteľ: Kamil Adamík 
264 1 |a Bratislava  |c 2014 
300 |a 57 s. 
100 1 |a Gajdošová, Terézia 
700 1 |a Adamík, Kamil 
710 2 |a Fakulta podnikového manažmentu EU. Katedra podnikových financií